000 00633nam a22001937a 4500
003 0
005 20240911103302.0
008 240911b xxu||||| |||| 00| 0 eng d
020 _a978-15297-7875-5
050 _aP 94.6
_b.L58 2023
100 _aLiu, Shuang
245 _aIntercultural communication
_bglobal cultures and contexts
_cShuang Liu, Zala Volcic & Cindy Gallois
250 _aFourth edition
260 _aLondon
_bSage Publications Ltd.
_c2023
300 _axviii, 344 pages ;
_c23cm.
504 _aIncludes bibliographical references, index, and glossary.
650 _aIntercultural communication.
942 _2lcc
_cBK
999 _c366215
_d366215